banner-ar

Le dessinateur Cherubini et la Grammaire de Champollion / (Record no. 60713)

MARC details
000 -الفاتح
حقل البيانات ثابتة الطول 01845cam a22003735i 4500
005 - وقت وتاريخ اخر تعامل مع التسجيلة
رقم الضبط 20240530110424.0
008 - عناصر البيانات ثابتة الطول - معلومات عامة
حقل البيانات ثابتة الطول 140809s2012 ua h b 000 0 fre d
020 ## - الرقم الدولى المعيارى للكتب
الرقم الدولى المعيارى للكتاب 9782724706260
020 ## - الرقم الدولى المعيارى للكتب
الرقم الدولى المعيارى للكتاب 2724706269
035 ## - رقم ضبط النظام
رقم ضبط النظام (OCoLC)ocn834421246
040 ## - مصدر الفهرسة
وكالة الفهرسة الأصلية EG-CaGPL
وكالة النسخ EG-CaGPL
042 ## -
-- lccopycat
-- lcode
082 04 - رقم تصنيف ديوى العشرى
رقم الطبعة 21
رقم التصنيف 493.1
رقم المادة CC/C D
100 1# - المدخل الرئيسى - إسم شخصى
الإسم الشخصى Cherpion, Nadine,
الدور author.
245 13 - بيان العنوان
العنوان Le dessinateur Cherubini et la Grammaire de Champollion /
بيان المسئوليه,etc Nadine Cherpion.
300 ## - الوصف المادى
التعداد 44 pages :
تفاصيل ماديه اخرى للوعاء color facsimiles ;
أبعاد الوعاء 29 cm +
المادة المصاحبة 1 folded sheet.
490 1# - بيان السلسلة
عنوان السلسلة IF ;
رقم المجلد/ التعيين التسلسلي 1080
490 1# - بيان السلسلة
عنوان السلسلة BiGen,
الرقم الدولى المعيارى للدوريات 1110-2470 ;
رقم المجلد/ التعيين التسلسلي 43 - 2012
500 ## - تبصرة عامة
تبصرة عامة Folded sheet laid in.
504 ## - تبصرة ببليوجرافية
تبصرة ببليوجرافية,الخ Includes bibliographical references.
600 10 - المدخل الاضافى بالموضوع-اسم شخصى
الإسم الشخصى Champollion, Jean-François,
التواريخ المصاحبة للاسم 1790-1832.
عنوان العمل Grammaire égyptienne
التقسيم الفرعي الشكلي Illustrations.
600 10 - المدخل الاضافى بالموضوع-اسم شخصى
الإسم الشخصى Cherubini, Salvatore,
التواريخ المصاحبة للاسم 1797-1869
التقسيم الفرعي العام Criticism and interpretation.
600 10 - المدخل الاضافى بالموضوع-اسم شخصى
الإسم الشخصى Champollion, Jean-François,
التواريخ المصاحبة للاسم 1790-1832
التقسيم الفرعي العام Knowledge
-- Printing.
650 #0 - المدخل الاضافى بالموضوع-مصطلح موضوعى
مصطلح موضوعي Egyptian language
التقسيم الفرعي العام Writing, Hieroglyphic.
650 #0 - المدخل الاضافى بالموضوع-مصطلح موضوعى
مصطلح موضوعي Egyptian language
التقسيم الفرعي العام Grammar.
942 ## - عناصر المدخل الإضافي( كوها)
مصدر التصنيف او مخطط الترفيف Dewey Decimal Classification
Koha [default] item type كتاب
264 #1 -
-- Le Caire :
-- Institut Français d'Archéologie Orientale,
-- [2012]
336 ## -
-- text
-- txt
-- rdacontent
337 ## -
-- unmediated
-- n
-- rdamedia
338 ## -
-- volume
-- nc
-- rdacarrier
338 ## -
-- sheet
-- nb
-- rdacarrier
520 8# - التبصرة الخاصة بالتعليق أو التلخيص
ملخص,الخ "Les épreuves de la Grammaire de Champollion (3 fasc., 1836-1841), conservées à l'Ifao, constituent l'étape intermédiaire entre le manuscrit original de l'auteur, aujourd'hui à la Bibliothèque nationale de France, et l'ouvrage imprimé. De la main de Cherubini en ce qui concerne le dessin des hiéroglyphes, elles sont riches d'intérêt pour l'histoire de l'imprimerie et, outre une valeur sentimentale pour l'égyptologie, elles ont une réelle valeur artistique"--Page 4 of cover.
Holdings
حالة التراجع حالة الفقد مصدر التصنيف او خطة الترفيف حالة تلف ليس للاعارة المكان المؤقت الموقع الحالى تاريخ الاكتساب اجمالي اﻻعارات رقم الطلب الباركود تاريخ اخر مشاهدة تاريخ تفعيل السعر نوع وعاء كوها
    ddc     مكتبة القاهرة الكبرى مكتبة القاهرة الكبرى 03/22/2015   493.1 CC/C D 159818 03/22/2015 03/22/2015 كتاب

Powered By

EGPV